000 01292nam a2200337 i 4500
003 EG-GICUC
005 20260317094518.0
008 260107s2008 ua |||fr|||| 00| 0 ara d
017 _a3255/2008
020 _a97797704552
040 _a EG-GICUC
_bara
_c EG-GICUC
_d EG-GICUC
_erda
041 0 _aAra
082 0 4 _221
_a343.1634
_bع ب . ت
092 0 4 _221
099 _aLaw1 10 343.1634 ع ب . ت 2008
100 0 _aعبدالعزيز رمضان سمك
_eمؤلف.
245 1 0 _aتعدد الجرائم وأثره فى العقاب فى الفقه الإسلامى والقانون الوضعى :
_bدراسة مقارنة/
_cتأليف دكتور عبدالعزيز رمضان سمك.
250 _aالطبعة الأولى
264 1 _aالقاهرة :
_bدار النهضة العربية ،
_c2008.
300 _a388 صفحة؛
_c24 سم.
336 _2rda content
_atext
337 _2rda media
_aComputer
338 _2rda carrier
_aOnline Resource
504 _a ببليوجرافيا: صفحات371-383.
650 1 _aتعدد الجرائم والعقوبات
_2qrmak
650 1 _aالقانون الجنائى
_2qrmak
651 1 _2qrmak
856 4 0 _uhttps://fll.law.cu.edu.eg/fulltext/bks/B10-07415.pdf
905 _a54
_eYara
942 _2ddc
_cBK
_e21
_n0
999 _c55443
_d55443